| 000 | 00826nam a22001937a 4500 | ||
|---|---|---|---|
| 005 | 20250113135059.0 | ||
| 010 | _aHIN-129171 | ||
| 020 |
_a9789387919617 _c750.00 |
||
| 035 | _aHN-101517 | ||
| 037 | _bDBAD | ||
| 082 | _a820.92 | ||
| 100 |
_aनागर, विष्णु _976437 |
||
| 245 |
_aहरिशंकर परसाई संचयन/ _cविष्णु नागर |
||
| 250 | _aप्रथम | ||
| 260 |
_aनई दिल्ली _bभारतीय ज्ञानपीठ _c2019 |
||
| 270 |
_a18, इंस्टिट्यूटशनल एरिया, लोदी रोड _bनई दिल्ली _e110003 _k011-24698417 _k9350536020 _mbjnanpith@gmail.com |
||
| 300 |
_a494 पृ. _c23 सेमी (सजिल्द ) |
||
| 942 |
_2ddc _cHN _h820.92 _mनागर |
||
| 999 |
_c208148 _d208148 |
||